| 000 | 00843nam0a22002531 4500 | ||
|---|---|---|---|
| 001 | RU\NLR\INFOCOMM_253\5000021312 | ||
| 005 | 20250613093737.0 | ||
| 035 | _a(NLR Aleph) 009218663 | ||
| 090 |
_a8793522 _c8793522 |
||
| 100 | _a20100528d1962 |||y0rusy50 ca | ||
| 101 | 1 |
_aeng _crus |
|
| 102 | _aRU | ||
| 105 | _ay ||||000|y | ||
| 200 | 1 |
_aConsumers' cooperatives in the U. S. S. R. _f[Transl. from the Russ. by Davis A. Myshne] |
|
| 210 |
_aΜ. _cCentrosoyuz publ. house _d1962 |
||
| 215 |
_a72 с. _d20 см |
||
| 300 | _aНа последней с.: Потребительская кооперация в СССР | ||
| 606 |
_aПотребительская кооперация _2nlr_sh1 |
||
| 686 |
_aЭ8-200 _2rubbk |
||
| 801 | 1 |
_aRU _bNLR _c20100528 |
|
| 801 | 0 |
_aRU _bNLR _gPSBO |
|
| 852 |
_aNLR _jЭк55 Г-4/57 |
||
| 942 | _cBOOK | ||
| 980 | _aNB | ||